Moja means one : (Record no. 8097)

MARC details
000 -LEADER
fixed length control field 01392cam a2200397 4500
001 - CONTROL NUMBER
control field 8097
003 - CONTROL NUMBER IDENTIFIER
control field FISKH
005 - DATE AND TIME OF LATEST TRANSACTION
control field 20250822152020.0
008 - FIXED-LENGTH DATA ELEMENTS--GENERAL INFORMATION
fixed length control field 711215s1971 nyua j 000 0 eng
010 ## - LIBRARY OF CONGRESS CONTROL NUMBER
LC control number 76134856
020 ## - INTERNATIONAL STANDARD BOOK NUMBER
International Standard Book Number 0803757115 :
020 ## - INTERNATIONAL STANDARD BOOK NUMBER
International Standard Book Number 9780140546620
020 ## - INTERNATIONAL STANDARD BOOK NUMBER
International Standard Book Number 9780803757110
035 ## - SYSTEM CONTROL NUMBER
System control number 3182047
040 ## - CATALOGING SOURCE
Original cataloging agency DLC
Language of cataloging eng
Transcribing agency DLC
Modifying agency DLC
050 00 - LIBRARY OF CONGRESS CALL NUMBER
Classification number PZ9.F3
Item number Mo
051 ## - LIBRARY OF CONGRESS COPY, ISSUE, OFFPRINT STATEMENT
Classification number PZ9.F3
Item number Mo Copy 2
Copy information Juv Coll.
082 00 - DEWEY DECIMAL CLASSIFICATION NUMBER
Classification number 390/.0967
100 1# - MAIN ENTRY--PERSONAL NAME
Personal name Feelings, Muriel L.
245 10 - TITLE STATEMENT
Title Moja means one :
Remainder of title Swahili counting book /
Statement of responsibility, etc. by Muriel Feelings. Pictures by Tom Feelings.
260 ## - PUBLICATION, DISTRIBUTION, ETC.
Place of publication, distribution, etc. New York,
Name of publisher, distributor, etc. Dial Press
Date of publication, distribution, etc. 1971
300 ## - PHYSICAL DESCRIPTION
Extent 32 unnumbered pages :
Other physical details color illustrations ;
Dimensions 24 x 27 cm.
336 ## - CONTENT TYPE
Content type term text
Content type code txt
Source rdacontent
337 ## - MEDIA TYPE
Media type term unmediated
Media type code n
Source rdamedia
338 ## - CARRIER TYPE
Carrier type term volume
Carrier type code nc
Source rdacarrier
505 ## - FORMATTED CONTENTS NOTE
Formatted contents note NP
520 ## - SUMMARY, ETC.
Summary, etc. The numbers one through ten in Swahili accompany two-page illustrations of various aspects of East African life.
650 #1 - SUBJECT ADDED ENTRY--TOPICAL TERM
Topical term or geographic name entry element Counting.
651 #0 - SUBJECT ADDED ENTRY--GEOGRAPHIC NAME
Geographic name Africa, Eastern
General subdivision Social life and customs
Form subdivision Juvenile literature.
651 #0 - SUBJECT ADDED ENTRY--GEOGRAPHIC NAME
Geographic name Africa, East
General subdivision Social life and customs
Form subdivision Juvenile literature.
655 #7 - INDEX TERM--GENRE/FORM
Genre/form data or focus term Literature.
Source of term lcgft
Authority record control number or standard number https://id.loc.gov/authorities/genreForms/gf2014026415
700 1# - ADDED ENTRY--PERSONAL NAME
Personal name Feelings, Tom,
Relator term illustrator
906 ## - LOCAL DATA ELEMENT F, LDF (RLIN)
a 7
b cbc
c orignew
d 2
e ncip
f 19
g y-gencatlg
942 ## - ADDED ENTRY ELEMENTS (KOHA)
Source of classification or shelving scheme Dewey Decimal Classification
Koha item type Books
Suppress in OPAC No
Holdings
Withdrawn status Lost status Source of classification or shelving scheme Damaged status Not for loan Collection Home library Current library Shelving location Date acquired Total Checkouts Full call number Barcode Date last seen Copy number Price effective from Koha item type
    Dewey Decimal Classification     Juvenile Fiction Footprints International School Library Network Toul Tom Poung Campus Footprints International School Library Network Toul Tom Poung Campus TTP Primary Green Bookshelves 08/22/2025   FEE 390.0967 PZ9.F3 M FIS03680 08/22/2025 1 08/22/2025 Books